Vojenská duchovná a náboženská služba: jej momentálne starosti, ale aj nádeje

Bibliographic Details
Main Authors: Semko, Tomáš ml (Author), Zimániová, Tatiana (Author)
Format: Article
Language:Slovak
PhysicalDescription:Obr. 1
Subjects:

MARC

LEADER 00000nab a2200000 a 4500
001 vtls000604641
003 SK-MaSNL
005 20260303212429.0
008 140402c1996 xo 0 slo
015 |a SNBRB19rr/mm-uuuuu 
035 |a CL0604780 
040 |a SNKBUCL  |b slo  |c SNKBUCL  |e AACR2 
041 0 |a slo 
044 |a xo  |c SK 
080 |a 262.1:355.311.1(437.6):284.1  |2 1981 
080 |a 355.311.1(437.6)  |2 1981 
080 |a 284.1  |2 1981 
100 1 |a Semko, Tomáš  |c ml.  |4 aut  |9 995525 
245 1 0 |a Vojenská duchovná a náboženská služba: jej momentálne starosti, ale aj nádeje  |c Tomáš Semko ml., Tatiana Zimániová 
300 |b Obr. 1 
650 0 7 |a vojenskí duchovní  |2 snkbucl  |9 103870 
650 0 7 |a duchovná služba  |2 snkbucl  |9 25052 
650 0 7 |a Armáda Slovenskej republiky  |2 snkbucl  |9 894060 
655 7 |a články z novín a časopisov  |2 snkbucl  |9 267496 
700 1 |a Zimániová, Tatiana  |4 aut  |9 466168 
773 0 |t Evanjelický posol spod Tatier  |g Roč. 86, č. 41 (1996), s. 324 
850 |a Slovenská národná knižnica v Martine  |a MTA001 
852 |a SNK  |b KIS3GCP 
958 |a SK 
958 |a RK 
992 |a RBX 
999 |c 2207350  |d 2209280